000 01972cam a22004694i 4500
003 PE-LiUPU
005 20250731173256.0
008 150625s r 000 0 d
020 _a8482670778
035 _a(Sirsi) i9788482670775
040 _aPE-LiUPU
_bspa
_cPE-LiUPU
_erda
049 _aPRUA
082 0 4 _a253.5
_bS78
_221
100 1 _aStamateas, Bernardo,
_eautor.
245 1 0 _aIglesia, sé sana /
_cBernardo, Stamateas.
264 1 _aBarcelona, España :
_bEditorial Clie,
_c1999.
300 _a133 páginas ;
_c24 centímetros
336 _atext
_2rdacontent
337 _aunmediated
_2rdamedia
338 _avolume
_2rdacarrier
490 0 _aColección pastoral y consejería ;
_v6
504 _aIncluye bibliografía.
505 0 _aSanando a la iglesia de la muerte espiritual y la mente cerrada. -Sanando a la iglesia de las personas heridas y de las familias conflictivas. -Sanando a la iglesia del servicio humano y del activismo. -Sanando a la iglesia de la miopía y la planificación humana.-Sanando a la iglesia del liderazgo mediocre e improductivo.-Sanando a la iglesia del institucionalismo, la burocracia, y la sacralización.- Sanando al pastor de crisis de identidad, monotonía y rol equivocado.
526 _aSEG42
526 _aSEG41
526 _aSEG40
526 _aSEG39
526 _aP94
526 _aP87
526 _aP86
526 _aP85
526 _aP77
526 _aP76
526 _aP35
541 _g0001403;
650 0 4 _aConsejería pastoral.
_91495
942 _2ddc
_cBOOK
949 _a253.5 S78
_wDEWEY
_c1
_i55090
_lCCODEBUL1
_mBUL
_p13.00
_r0
_sY
_tBOOK
_u2015-6-25
_xTEOLOGIA
_zUNKNOWN
_0COMPRA
_o.STAFF. Colección General
994 _aC0
_bPEPRU
596 _a1
999 _a253.5 S78
_wDEWEY
_c43707
_i55090
_d43707
_f2021-11-10
_g5
_lCCODEBUL1
_mBUL
_p13.00
_q1
_r0
_sY
_tBOOK
_u2015-6-25
_xTEOLOGIA
_zUNKNOWN
_0COMPRA
_o.STAFF. Colección General
980 _81
_gALBERTO SANCHEZ Responsable de Automatización